[Event "AUTO-ADV-4767"]
[Site "http://www.queenalice.com/game.php?id=1837765"]
[Date "2024.5.31"]
[Round "2"]
[White "WHUSIRO"]
[Black "Patrick_1977"]
[Result "1-0"]
[WhiteElo "2174"]
[BlackElo "1809"]

1. e4 e5 2. Nf3 Nc6 3. Bb5 d6 4. O-O Bd7 5. Bxc6 Bxc6 6. Nc3 Nf6 7. d4 exd4 8.
Nxd4 Bxe4 9. Nxe4 Nxe4 10. Re1 d5 11. f3 Qh4 12. fxe4 dxe4 13. Nf5 Qf6 14. Rxe4+
Be7 15. Rxe7+ 1-0

[Event "AUTO-ADV-4767"]
[Site "http://www.queenalice.com/game.php?id=1837766"]
[Date "2024.5.31"]
[Round "2"]
[White "Patrick_1977"]
[Black "WHUSIRO"]
[Result "0-1"]
[WhiteElo "1766"]
[BlackElo "2176"]

1. e4 c5 2. Nf3 d6 3. Bc4 Nf6 4. Nc3 a6 5. a3 Nc6 6. d3 Bg4 7. h3 Bxf3 8. Qxf3
Nd4 9. Qd1 e6 10. Ne2 d5 11. exd5 exd5 12. Ba2 Qe7 13. Be3 Nxe2 14. Qxe2 O-O-O
15. Bd2 Qxe2+ 16. Kxe2 h6 17. Ba5 Re8+ 18. Kd2 Bd6 19. Rhe1 Be5 20. Bc3 d4 21.
Ba5 Nd7 22. Kc1 Rhf8 23. Bd5 Bc7 24. Bd2 Rxe1+ 25. Bxe1 Re8 26. Kd1 f5 27. c3
Ne5 28. cxd4 Nxd3 29. Kd2 Nf4 30. Bf3 Ba5+ 31. b4 cxb4 32. Kc2 Rxe1 33. Rxe1 b3+
0-1

[Event "AUTO-ADV-4767"]
[Site "http://www.queenalice.com/game.php?id=1837767"]
[Date "2024.5.31"]
[Round "2"]
[White "Capixaba789"]
[Black "Patrick_1977"]
[Result "1-0"]
[WhiteElo "1834"]
[BlackElo "1796"]

1. e4 e5 2. Bc4 Nf6 3. Nf3 Nc6 4. O-O Bc5 5. d4 Nxd4 6. Nxd4 Bxd4 7. c3 Bb6 8.
Bg5 d6 9. Nd2 Bg4 10. Qe1 h6 11. Be3 Bxe3 12. fxe3 Qd7 13. a4 O-O-O 14. b4 a6
15. Qb1 Rhf8 16. b5 d5 17. Bd3 axb5 18. axb5 Qd6 19. Nb3 dxe4 20. Rxf6 Qxf6 21.
Nc5 exd3 22. Ra8# 1-0

[Event "AUTO-ADV-4767"]
[Site "http://www.queenalice.com/game.php?id=1837768"]
[Date "2024.5.31"]
[Round "2"]
[White "Patrick_1977"]
[Black "Capixaba789"]
[Result "1/2-1/2"]
[WhiteElo "1764"]
[BlackElo "1821"]

1. e4 e5 2. Nf3 d6 3. h3 Nf6 4. Nc3 Be7 5. Bc4 a5 6. O-O O-O 7. a3 Na6 8. d3 Nc5
9. Be3 b6 10. Nd5 Bb7 11. Nxe7+ Qxe7 12. Ng5 Ne6 13. Re1 Nxg5 14. Bxg5 h6 15.
Bh4 g5 16. Bg3 c6 17. Qf3 Ba6 18. Bxa6 Rxa6 19. c4 Raa8 20. Qe3 Rab8 21. b4 axb4
22. axb4 c5 23. bxc5 bxc5 24. Ra2 Nh5 25. Bh2 Nf4 26. Rea1 Qb7 27. Bxf4 exf4 28.
Qc1 Qb3 29. Qc2 Qxc2 30. Rxc2 Rb4 31. f3 Rfb8 32. Rcc1 Rb3 33. Rd1 1/2-1/2

[Event "Challenge"]
[Site "http://www.queenalice.com/game.php?id=1838306"]
[Date "2024.6.8"]
[Round "-"]
[White "Patrick_1977"]
[Black "EcheKiel"]
[Result "1-0"]
[WhiteElo "1770"]
[BlackElo "1770"]

1. e4 e5 2. Nf3 Qf6 3. Bc4 Nc6 4. a3 h6 5. Nc3 Bd6 6. d3 Nge7 7. Be3 a6 8. Qd2
b6 9. O-O-O Bc5 10. Nd5 Nxd5 11. Bxd5 a5 12. Bxc5 bxc5 13. Qc3 O-O 14. Qxc5 Nd4
15. Nxd4 exd4 16. Bxa8 1-0

[Event "Challenge"]
[Site "http://www.queenalice.com/game.php?id=1838307"]
[Date "2024.6.8"]
[Round "-"]
[White "Patrick_1977"]
[Black "EcheKiel"]
[Result "1-0"]
[WhiteElo "1786"]
[BlackElo "1760"]

1. e4 e5 2. Nf3 Qf6 3. c3 Nc6 4. Bb5 a6 5. Ba4 Bc5 6. b4 Bb6 7. d3 h6 8. O-O
Nge7 9. Re1 d6 10. Be3 Bg4 11. Nbd2 Ng6 12. h3 h5 13. hxg4 hxg4 14. Bg5 Qe6 15.
Nh2 f6 16. Be3 Nf4 17. Bxb6 cxb6 18. Qxg4 f5 19. Qxg7 Nh3+ 20. Kf1 O-O-O 21. Bb3
Qe8 22. gxh3 Rd7 23. Be6 Qxe6 24. Qxh8+ Kc7 25. exf5 Qxf5 26. Re3 Rh7 27. Rf3
Qh5 28. Qg8 Ne7 29. Qc4+ Kd7 30. a4 d5 31. Qg4+ Nf5 32. Rxf5 Qxg4 33. Nxg4 Rxh3
34. Ke2 1-0

[Event "Challenge"]
[Site "http://www.queenalice.com/game.php?id=1840771"]
[Date "2024.7.24"]
[Round "-"]
[White "Mr_SPOCK"]
[Black "Patrick_1977"]
[Result "0-1"]
[WhiteElo "1692"]
[BlackElo "1801"]

1. e4 e5 2. Bc4 Nf6 3. d4 exd4 4. Nf3 Bb4+ 5. Nfd2 d5 6. exd5 Nxd5 7. O-O O-O 8.
Ne4 h6 9. Qh5 Be6 10. Bxh6 gxh6 11. Qxh6 Be7 12. Bd3 Bf6 13. c4 Bg7 14. Qh5 f5
15. cxd5 fxe4 16. Bxe4 Rf4 17. Qh7+ Kf8 18. dxe6 Nc6 19. f3 Qg5 20. Nd2 Qh6 21.
g3 Qxh7 22. Bxh7 Rf6 23. Rae1 Re8 24. e7+ Nxe7 25. Ne4 Rh6 26. Ng5 Bf6 27. h4
Bxg5 28. Bd3 Be3+ 29. Kh2 Nc6 30. Kh3 Bd2 31. Rd1 Bb4 32. g4 Rhe6 33. Be4 Bc5
34. Rd3 b6 35. a3 a5 36. Re1 Ne5 37. Rd2 Nxf3 38. Rf2 Rxe4 39. Rxf3+ Kg7 40.
Rxe4 Rxe4 41. Rf1 Re3+ 42. Kg2 Be7 43. Kf2 Bxh4+ 44. Kg2 d3 45. Rd1 Bg5 46. Rh1
d2 47. Rd1 Re1 48. Rxd2 Bxd2 49. Kf3 Rb1 50. Ke4 Rxb2 51. Kf5 c5 52. g5 c4 53.
g6 c3 54. a4 c2 55. Ke6 c1=Q 56. Ke5 Bh6 57. Kd4 Qc5+ 58. Ke4 Rb4+ 59. Kd3 Qc4#
0-1

[Event "Challenge"]
[Site "http://www.queenalice.com/game.php?id=1841749"]
[Date "2024.8.11"]
[Round "-"]
[White "Patrick_1977"]
[Black "EcheKiel"]
[Result "1-0"]
[WhiteElo "1847"]
[BlackElo "1677"]

1. e4 e5 2. Bc4 Qf6 3. d3 c6 4. Nc3 Bc5 5. Nf3 h6 6. Qe2 d6 7. h3 Ne7 8. Be3 a6
9. a3 Be6 10. Bxc5 dxc5 11. Bxe6 fxe6 12. O-O-O Nd7 13. h4 Qf4+ 14. Qd2 O-O-O
15. Qxf4 exf4 16. g3 fxg3 17. fxg3 e5 18. Rhf1 b5 19. Nd2 Kb7 20. Rf7 Nc8 21.
Rxg7 Nb6 22. Rf1 Kb8 23. Rff7 Rhg8 24. Rxg8 Rxg8 25. Ne2 Kc8 26. Rh7 h5 27. Rxh5
Nf6 28. Rh6 Nbd7 29. Nf3 Kc7 30. Nxe5 Nxe5 31. Rxf6 Ng4 32. Rf7+ Kb6 33. h5 Rg5
34. Rf5 Rg8 35. Kd2 Nh6 36. Rf6 Rh8 37. Rg6 Nf7 38. g4 Ne5 39. Rf6 Nxg4 40. Rf5
Nh6 41. Rf6 Rh7 42. Nf4 Ng8 43. Rf8 Nh6 44. e5 Nf7 45. e6 Ng5 46. Re8 Nf3+ 47.
Ke3 Nd4 48. c3 Nf5+ 49. Kf3 Nd6 50. Rf8 Kc7 51. Kg4 Rg7+ 52. Ng6 Nc8 53. Kh4 Ne7
54. Nxe7 Rxe7 55. Rf7 Kd8 56. Rxe7 Kxe7 57. h6 Kxe6 58. h7 1-0

[Event "Challenge"]
[Site "http://www.queenalice.com/game.php?id=1841750"]
[Date "2024.8.11"]
[Round "-"]
[White "Patrick_1977"]
[Black "EcheKiel"]
[Result "1-0"]
[WhiteElo "1823"]
[BlackElo "1755"]

1. e4 e5 2. Nf3 Qf6 3. Bb5 c6 4. Bc4 d6 5. h3 h6 6. Nc3 Ne7 7. d3 Ng6 8. Be3 Nh4
9. Nxh4 Qxh4 10. Qf3 Be6 11. Bxe6 fxe6 12. g3 Qf6 13. Qxf6 Nd7 14. Qxe6+ Be7 15.
Qg6+ Kd8 16. Qxg7 Bf6 17. Qf7 Rf8 18. Qh5 Kc7 19. Qxh6 b6 20. O-O Rh8 21. Qg6
Rxh3 22. Kg2 Rah8 23. Rh1 Rxh1 24. Rxh1 Rxh1 25. Kxh1 1-0

[Event "Challenge"]
[Site "http://www.queenalice.com/game.php?id=1843737"]
[Date "2024.9.14"]
[Round "-"]
[White "Patrick_1977"]
[Black "Mr_SPOCK"]
[Result "1-0"]
[WhiteElo "1813"]
[BlackElo "1654"]

1. e4 e5 2. Nf3 Nf6 3. Bc4 Bc5 4. Nc3 Nc6 5. Ng5 d5 6. Nxd5 O-O 7. Nf3 Nxe4 8.
O-O Bg4 9. d3 Nf6 10. Nxf6+ Qxf6 11. h3 Bh5 12. Re1 Rae8 13. Be3 Nd4 14. Bd5 b6
15. c3 e4 16. Bxd4 Bxd4 17. Bxe4 Bc5 18. d4 Bd6 19. Qc2 Bxf3 20. Bxf3 Rxe1+ 21.
Rxe1 Qd8 22. Bc6 Qf6 23. Re3 Qf4 24. g3 Qh6 25. h4 g5 26. hxg5 Qh3 27. Bg2 Qg4
28. Be4 f5 29. gxf6 Rf7 30. Bd5 Bf8 31. Bxf7+ Kh8 32. Re8 h5 33. Rxf8+ Qg8 34.
Rxg8# 1-0

[Event "Challenge"]
[Site "http://www.queenalice.com/game.php?id=1844530"]
[Date "2024.10.1"]
[Round "-"]
[White "Patrick_1977"]
[Black "jorm"]
[Result "0-1"]
[WhiteElo "1848"]
[BlackElo "1802"]

1. e4 e5 2. Nf3 Nc6 3. Bc4 Nf6 4. d3 h6 5. Nc3 Bc5 6. Qe2 a6 7. a3 d6 8. h3 Nd4
9. Nxd4 Bxd4 10. Be3 b5 11. Bb3 c5 12. Bxd4 cxd4 13. Nd5 Bb7 14. Nxf6+ Qxf6 15.
O-O Rd8 16. Qh5 O-O 17. a4 b4 18. a5 d5 19. Bxd5 Bxd5 20. exd5 Rxd5 21. b3 Qe7
22. Rfe1 Qd6 23. Re4 Re8 24. Ra4 Re6 25. Qe2 Rf6 26. Qg4 Qc7 27. Re2 Rc5 28.
Rxb4 Rxa5 29. Rc4 Rc5 30. Qe4 Re6 31. Qa8+ Kh7 32. Qe4+ g6 33. b4 Rxc4 34. dxc4
Qxc4 35. Qb7 Kg7 36. Rd2 Qc3 37. Re2 Qd3 38. Kf1 Qd1+ 39. Re1 Qxc2 40. Re2 Qc4
41. Kg1 Qxe2 42. f3 d3 43. b5 d2 44. bxa6 d1=Q+ 45. Kh2 Rxa6 46. Qe4 Qxe4 47.
fxe4 Ra2 48. h4 Qe2 0-1

[Event "Challenge"]
[Site "http://www.queenalice.com/game.php?id=1844899"]
[Date "2024.10.7"]
[Round "-"]
[White "Mr_SPOCK"]
[Black "Patrick_1977"]
[Result "0-1"]
[WhiteElo "1714"]
[BlackElo "1828"]

1. e4 e5 2. Bc4 Nf6 3. d3 Bc5 4. Bg5 d6 5. Nf3 Bg4 6. Nbd2 Nc6 7. h3 Bh5 8. g4
Bg6 9. Nh4 h6 10. Bxf6 Qxf6 11. Nhf3 Nd4 12. Nxd4 Bxd4 13. f3 O-O-O 14. c3 Bb6
15. Qa4 a6 16. O-O-O Qg5 17. h4 Qf4 18. Rh3 h5 19. g5 Qe3 20. Kc2 f6 21. Bxa6
bxa6 22. Qxa6+ Kd7 23. Nc4 Qe2+ 24. Rd2 Qf1 25. Qa4+ Ke7 26. Qb5 Qxh3 27. a4
Qxh4 28. a5 Ba7 29. gxf6+ gxf6 30. Qc6 Rc8 31. Re2 Qh3 32. Nd2 Qd7 33. Qc4 Bf7
34. Qb4 Bc5 35. Qb7 Rb8 36. Qd5 Bxd5 37. exd5 h4 38. Nf1 Qa4+ 39. Kb1 Qd1+ 40.
Ka2 Qxe2 41. c4 Qxb2# 0-1

[Event "AUTO-ADV-4819"]
[Site "http://www.queenalice.com/game.php?id=1845311"]
[Date "2024.10.13"]
[Round "1"]
[White "Ditto"]
[Black "Patrick_1977"]
[Result "0-1"]
[WhiteElo "1612"]
[BlackElo "1863"]

1. e4 c6 2. Bc4 d5 3. exd5 cxd5 4. Be2 e5 5. d3 Bc5 6. Nf3 Nc6 7. c3 Nf6 8. Bg5
h6 9. Bc1 b5 10. h3 O-O 11. O-O Re8 12. Qb3 a6 13. Nbd2 Bf5 14. Nh4 Be6 15. Qd1
Nd7 16. Nhf3 Qf6 17. Nb3 Bb6 18. Nbd2 Qg6 0-1

[Event "AUTO-ADV-4819"]
[Site "http://www.queenalice.com/game.php?id=1845312"]
[Date "2024.10.13"]
[Round "1"]
[White "Patrick_1977"]
[Black "Ditto"]
[Result "1-0"]
[WhiteElo "1856"]
[BlackElo "1619"]

1. e4 e5 2. Nf3 Nc6 3. Bc4 Bc5 4. d3 d6 5. h3 h6 6. O-O a6 7. Re1 Bd7 8. Be3 Bb4
9. c3 Ba5 10. b4 Bb6 11. Bxb6 cxb6 12. Bd5 Nf6 13. Bb3 Nh5 14. Nxe5 dxe5 15.
Qxh5 Qf6 16. Nd2 Ne7 17. Re3 O-O 18. Rf3 1-0

[Event "AUTO-ADV-4819"]
[Site "http://www.queenalice.com/game.php?id=1845327"]
[Date "2024.10.13"]
[Round "1"]
[White "Charles56"]
[Black "Patrick_1977"]
[Result "0-1"]
[WhiteElo "1855"]
[BlackElo "1839"]

1. d4 d5 2. Nc3 Nf6 3. h3 h6 4. Nf3 e6 5. Bf4 Bd6 6. Bxd6 Qxd6 7. e3 a6 8. Bd3
Nc6 9. a3 Bd7 10. Qe2 O-O 11. g4 Rfe8 12. O-O-O b5 13. e4 dxe4 14. Nxe4 Nxe4 15.
Qxe4 g6 16. h4 e5 17. d5 Ne7 18. h5 Qxd5 19. Qxd5 Nxd5 20. hxg6 f6 21. Rxh6 Bxg4
22. Be4 c6 23. Rd3 Rad8 24. g7 Kxg7 25. Rh7+ Kg8 26. Nh4 f5 27. Nxf5 Kxh7 28.
Nd6+ Kh6 29. Nxe8 Rxe8 30. Bxd5 cxd5 31. Rxd5 Re6 32. Rc5 e4 33. Kd2 Rf6 34. Ke3
Bf5 35. c4 bxc4 36. Rxc4 Kg5 37. b4 Rd6 38. a4 Rd3+ 39. Ke2 Kf4 40. b5 axb5 41.
axb5 Bg4+ 42. Kf1 Kf3 43. Rc1 Rb3 44. b6 Rb2 45. Kg1 Rxb6 46. Rc3+ Kf4 47. Kg2
Rh6 48. Rc4 Bf3+ 0-1

[Event "AUTO-ADV-4819"]
[Site "http://www.queenalice.com/game.php?id=1845328"]
[Date "2024.10.13"]
[Round "1"]
[White "Patrick_1977"]
[Black "Charles56"]
[Result "0-1"]
[WhiteElo "1845"]
[BlackElo "1822"]

1. e4 e5 2. Nf3 h6 3. Bc4 Nf6 4. d3 a6 5. Nc3 Bb4 6. Bd2 Ba5 7. Nd5 Bxd2+ 8.
Qxd2 d6 9. h3 c6 10. Nxf6+ Qxf6 11. O-O-O b5 12. Bb3 Be6 13. Bxe6 Qxe6 14. b3 a5
15. Qe3 O-O 16. Qb6 a4 17. Qb7 Na6 18. Qxc6 axb3 19. axb3 Nb4 20. Qxb5 Na2+ 21.
Kb2 Rfb8 22. Qc4 Nb4 23. Qxe6 Ra2+ 24. Kc3 Rxc2# 0-1

[Event "AUTO-ADV-4819"]
[Site "http://www.queenalice.com/game.php?id=1845339"]
[Date "2024.10.13"]
[Round "1"]
[White "Patrick_1977"]
[Black "basketballer"]
[Result "1/2-1/2"]
[WhiteElo "1836"]
[BlackElo "2051"]

1. e4 c6 2. d4 d5 3. e5 Bf5 4. Nf3 e6 5. a3 c5 6. c3 Nc6 7. Bd3 Bxd3 8. Qxd3 Qb6
9. b4 cxd4 10. cxd4 Nge7 11. O-O Nf5 1/2-1/2

[Event "AUTO-ADV-4819"]
[Site "http://www.queenalice.com/game.php?id=1845340"]
[Date "2024.10.13"]
[Round "1"]
[White "basketballer"]
[Black "Patrick_1977"]
[Result "1-0"]
[WhiteElo "1968"]
[BlackElo "1836"]

1. d4 d5 2. c4 c6 3. Nc3 Nf6 4. Nf3 Bg4 5. Ne5 Bf5 6. cxd5 cxd5 7. Qb3 b6 8. Bg5
h6 9. Bxf6 exf6 10. e4 dxe4 11. Qxf7# 1-0

[Event "Challenge"]
[Site "http://www.queenalice.com/game.php?id=1845761"]
[Date "2024.10.19"]
[Round "-"]
[White "Patrick_1977"]
[Black "EcheKiel"]
[Result "1-0"]
[WhiteElo "1825"]
[BlackElo "1687"]

1. e4 e5 2. Nf3 Qf6 3. Bc4 Bc5 4. d3 h6 5. Nc3 c6 6. Qe2 Ne7 7. Be3 d6 8. h3 Be6
9. Bxe6 fxe6 10. Bxc5 dxc5 11. Qe3 Nd7 12. O-O-O Qf4 13. Rde1 Rf8 14. Ne2 Nd5
15. exd5 Qa4 16. dxe6 Nb6 17. a3 Qb5 18. Nc3 Qa5 19. Qxe5 Rf6 20. Ne4 Nd5 21. c4
O-O-O 22. Nxf6 gxf6 23. Qf5 Ne7 24. Qxf6 Ng8 25. Qf5 Ne7 26. Qh7 Re8 27. Qxh6
Nf5 28. Qg6 Ne7 29. Qxe8+ Qd8 30. Qxd8+ Kxd8 31. Re5 b6 32. Rhe1 Ng6 33. e7+ Ke8
34. R5e4 a5 35. Nh4 Nxe7 36. Rxe7+ 1-0

[Event "AUTO-ADV-4828"]
[Site "http://www.queenalice.com/game.php?id=1847871"]
[Date "2024.11.27"]
[Round "1"]
[White "Charles56"]
[Black "Patrick_1977"]
[Result "1-0"]
[WhiteElo "1735"]
[BlackElo "1869"]

1. Nf3 Nc6 2. d4 d5 3. h3 h6 4. Bf4 Nf6 5. e3 a6 6. a3 Bf5 7. Bd3 Qd7 8. Bxf5
Qxf5 9. Bxc7 Qd7 10. Bb6 e6 11. Nc3 Bd6 12. g4 O-O 13. g5 hxg5 14. Nxg5 Bc7 15.
Bxc7 Qxc7 16. Qf3 b5 17. h4 Nh7 18. Nxh7 Kxh7 19. Kd2 g6 20. Rag1 Rg8 21. Rg2
Kg7 22. h5 Kf8 23. hxg6 Rg7 24. Qf6 Ne7 25. gxf7 Rxf7 26. Rh8+ Ng8 27. Rgxg8#
1-0

[Event "AUTO-ADV-4828"]
[Site "http://www.queenalice.com/game.php?id=1847872"]
[Date "2024.11.27"]
[Round "1"]
[White "Patrick_1977"]
[Black "Charles56"]
[Result "1-0"]
[WhiteElo "1835"]
[BlackElo "1727"]

1. e4 e5 2. Nf3 d6 3. Bc4 h6 4. h3 Nf6 5. d3 a6 6. Nc3 Be6 7. Bxe6 fxe6 8. O-O
Nc6 9. Be3 d5 10. exd5 Nxd5 11. Bd2 Bd6 12. Re1 Qf6 13. Re4 Nxc3 14. Bxc3 g5 15.
Qe1 Kd7 16. Nxe5+ Bxe5 17. Bxe5 Nxe5 18. Rxe5 Rae8 19. Qe3 b6 20. Re1 Re7 21.
Qd4+ Kc8 22. Qc4 b5 23. Qc6 Rhe8 24. Qxa6+ Kd8 25. Qxb5 Rf8 26. f3 Kc8 27. R1e4
Rd8 28. Qa6+ Kd7 29. Rd4+ Ke8 30. Qb5+ Red7 31. Rxd7 Rxd7 32. d4 Ke7 33. c3 Qf4
34. Re1 h5 35. Qe2 Rd6 36. Kf2 h4 37. Qe5 c6 38. Qxf4 gxf4 39. a4 Rd5 40. b4 Rd8
41. a5 Ra8 42. Re4 Rf8 43. Re5 1-0

[Event "AUTO-ADV-4828"]
[Site "http://www.queenalice.com/game.php?id=1847885"]
[Date "2024.11.27"]
[Round "1"]
[White "Sigmund"]
[Black "Patrick_1977"]
[Result "1-0"]
[WhiteElo "1896"]
[BlackElo "1817"]

1. e4 c6 2. d4 d5 3. e5 Bf5 4. Nf3 e6 5. h3 c5 6. c3 cxd4 7. cxd4 Bb4+ 8. Bd2
Nc6 9. Bxb4 Nxb4 10. Qa4+ Nc6 11. Bb5 Qb6 12. O-O a6 13. Bxc6+ Qxc6 14. Qd1 Ne7
15. Nbd2 O-O 16. Rc1 Qb6 17. Nb3 Rac8 18. Rc3 Rc7 19. Qd2 h6 20. Rfc1 Rfc8 21.
Nc5 Nc6 22. a3 Qa7 23. Nh4 Bh7 24. Rg3 g5 25. f4 b6 26. Nb3 Na5 27. Kh2 Nxb3 28.
Rxc7 Rxc7 29. Qe3 Na5 30. fxg5 hxg5 31. Qxg5+ Bg6 32. Qh6 Qb8 33. Nxg6 fxg6 34.
Rxg6+ Kf7 35. Rg7+ 1-0

[Event "AUTO-ADV-4828"]
[Site "http://www.queenalice.com/game.php?id=1847886"]
[Date "2024.11.27"]
[Round "1"]
[White "Patrick_1977"]
[Black "Sigmund"]
[Result "0-1"]
[WhiteElo "1830"]
[BlackElo "1894"]

1. e4 e5 2. Nf3 Nc6 3. Bc4 h6 4. a3 Nf6 5. Nc3 a6 6. d3 Bc5 7. O-O O-O 8. Re1 d6
9. h3 b5 10. Bb3 Be6 11. Bxe6 fxe6 12. Be3 Bxe3 13. Rxe3 d5 14. exd5 exd5 15.
Re2 d4 16. Ne4 Ne7 17. Nxe5 Qd5 18. Nxf6+ gxf6 19. Nf3 Ng6 20. Qd2 Kh7 21. Rae1
Rf7 22. Qb4 c5 23. Qd2 Rg7 24. Re6 Nh4 25. Rxf6 Nxf3+ 26. Rxf3 Qxf3 27. g3 Rag8
28. g4 Qxh3 29. Re4 Rxg4+ 30. Rxg4 Rxg4# 0-1

[Event "AUTO-ADV-4828"]
[Site "http://www.queenalice.com/game.php?id=1847895"]
[Date "2024.11.27"]
[Round "1"]
[White "Patrick_1977"]
[Black "maurice916"]
[Result "1-0"]
[WhiteElo "1804"]
[BlackElo "1939"]

1. e4 c6 2. d4 d5 3. e5 c5 4. c3 Nc6 5. h3 Bf5 6. Bd3 Bxd3 7. Qxd3 e6 8. Nf3 Qb6
9. a3 a5 10. O-O Nge7 11. Re1 g6 12. Re2 Bg7 13. Bg5 O-O 14. Rc2 c4 15. Qd2 Nf5
16. Nh4 Nxh4 17. Bxh4 f5 18. exf6 Bxf6 19. Bxf6 Rxf6 20. Qh6 Raf8 21. f3 Qc7 22.
Nd2 Qb6 23. Re1 Ne7 24. Re5 Nf5 25. Qg5 Kg7 26. Nf1 h6 27. Qd2 Nh4 28. Nh2 g5
29. Ng4 Rf5 30. Qe3 Nxf3+ 31. gxf3 Rxf3 32. Rxe6 Rf1+ 33. Kg2 Qd8 34. Nf2 Ra1
35. Qe5+ Rf6 36. Re2 Qf8 37. Re7+ Kg6 38. Rxb7 h5 39. Qxd5 Qa8 40. Qe4+ Kh6 41.
Qh7# 1-0

[Event "AUTO-ADV-4828"]
[Site "http://www.queenalice.com/game.php?id=1847896"]
[Date "2024.11.27"]
[Round "1"]
[White "maurice916"]
[Black "Patrick_1977"]
[Result "1-0"]
[WhiteElo "1897"]
[BlackElo "1856"]

1. Nf3 d5 2. b3 Nf6 3. Bb2 Bf5 4. e3 a6 5. c4 c6 6. d4 h6 7. Nbd2 e6 8. Be2 Bd6
9. O-O O-O 10. Re1 Re8 11. Bf1 b6 12. a3 a5 13. Bc3 Qc7 14. Qc1 Bg4 15. Be2 Nbd7
16. Qb2 b5 17. c5 Be7 18. Rad1 a4 19. h3 Bf5 20. b4 Ne4 21. Nxe4 Bxe4 22. Nd2
Bg6 23. Bf1 Bf6 24. Nf3 e5 25. dxe5 Nxe5 26. Bxe5 Bxe5 27. Nxe5 Qxe5 28. Qxe5
Rxe5 29. f4 Re4 30. Bd3 Re6 31. f5 Bxf5 32. Bxf5 Re5 33. e4 Rae8 34. Kf1 g6 35.
Bg4 Rxe4 36. Rxe4 Rxe4 37. Kf2 h5 38. Bf3 Re5 39. Rd3 f5 40. g4 fxg4 41. hxg4
hxg4 42. Bxg4 Re4 43. Kf3 Kf7 44. Bd7 Rh4 45. Bxc6 Rh3+ 46. Ke2 Rh2+ 47. Kf1
Rh1+ 48. Kg2 1-0